Laddar...

Bharatanatyam expanding horizons/

Bibliografiska uppgifter
Huvudupphovsman: Komala Varadan
Materialtyp: Printed Book
Publicerad: Delhi: B R, 1999.
Ämnen:
LEADER 00539nam a22001571a 4500
020 |a 9788170188872 
082 |a 792.809 548 2  |b KOM/B 
100 |a Komala Varadan  |9 148417 
245 |a Bharatanatyam expanding horizons/  |c by Komala Varadan 
260 |a Delhi:  |b B R,  |c 1999. 
300 |a 119p. 
650 |a Arts  |9 148418 
650 |a Bharatanatyam  |9 148419 
942 |c REF 
999 |c 4796  |d 4796 
952 |0 0  |1 0  |4 0  |6 R_792_809000000000000_548_2_KOM_B  |7 0  |9 7316  |a SSUS  |b SSUS  |d 2015-01-08  |g 225.00  |o R 792.809 548 2 KOM/B  |p 015577  |r 2015-01-08  |v 0.00  |w 2015-01-08  |y REF